Textbook of Medical Chemistry / (Record no. 18336)

MARC details
000 -LEADER
fixed length control field 00439nam a22001697a 4500
005 - DATE AND TIME OF LATEST TRANSACTION
control field 20240722112035.0
008 - FIXED-LENGTH DATA ELEMENTS--GENERAL INFORMATION
fixed length control field 230509b |||||||| |||| 00| 0 eng d
020 ## - INTERNATIONAL STANDARD BOOK NUMBER
ISBN 8123910355
082 ## - DEWEY DECIMAL CLASSIFICATION NUMBER
Classification number 612
Item number PAR-T
100 ## - MAIN ENTRY--AUTHOR
Author Name Parimoo P
245 ## - TITLE STATEMENT
Title Textbook of Medical Chemistry /
Statement of responsibility, etc. Parimoo P
260 ## - PUBLICATION, DISTRIBUTION, ETC.
Place of Publication India :
Name of publisher, distributor, etc. CBS ;
Date of publication, distribution, etc. 2011
300 ## - PHYSICAL DESCRIPTION
Pages 371
500 ## - GENERAL NOTE
General note include index .
650 ## - SUBJECT ADDED ENTRY--TOPICAL TERM
Subject / Department Medical / Chemistry
300 ## - PHYSICAL DESCRIPTION
-- ILL;
-- 24 cm.
952 ## - LOCATION AND ITEM INFORMATION (KOHA)
-- 0
-- 0
952 ## - LOCATION AND ITEM INFORMATION (KOHA)
-- 0
-- 0
952 ## - LOCATION AND ITEM INFORMATION (KOHA)
-- 0
-- 0
952 ## - LOCATION AND ITEM INFORMATION (KOHA)
-- 0
-- 0
Holdings
Lost status Damaged status Collection code Permanent Location Current Location Shelving Location Full Call Number Accession No./Barcode Date last seen Copy number item type Koha item type Date acquired
    Medical Superior Information Resource Center (SIRC) Superior University- Central Library Superior Information Resource Center (SIRC) Superior University- Central Library Chemistry 612 PAR-T 2011 15894 05/09/2023 3 BOOK BOOK  
    Medical Superior Information Resource Center (SIRC) Superior University- Central Library Superior Information Resource Center (SIRC) Superior University- Central Library Chemistry 612 PAR-T 2011 15893 05/09/2023 1 BOOK BOOK 05/09/2023
    Medical Superior Information Resource Center (SIRC) Superior University- Central Library Superior Information Resource Center (SIRC) Superior University- Central Library Chemistry 612 PAR-T 2011 15892 05/09/2023 2 BOOK BOOK 05/09/2023
    Medical Superior Information Resource Center (SIRC) Superior University- Central Library Superior Information Resource Center (SIRC) Superior University- Central Library Chemistry 612 PAR-T 2011 4932 07/22/2024 4 BOOK BOOK 07/22/2024

Powered by Koha